000
00240 a2200109 4500
001
8934
082
_a
297 GIB
090
_c
7123
_d
7123
100
_a
Gibb H A R
245
_a
Studies on the civilization of Islam
_h
English
260
_c
Routledge
_b
1962
942
_a
NUST-CAE
999
_c
244007
_d
244007